| 000 | 00481nam a2200181Ia 4500 | ||
|---|---|---|---|
| 008 | 230711s9999||||xx |||||||||||||| ||und|| | ||
| 020 | _a978-08-570-9104-8 | ||
| 041 | _aENG | ||
| 082 |
_a677.0285 _bGO-M |
||
| 100 | _aGokarneshan,N | ||
| 245 | 0 | _aMechanics and Caluclations of Textile Machinery | |
| 250 | _a1st Ed. | ||
| 260 |
_c2013 _aNew Delhi _bWoodhead Publishing Pvt Ltd |
||
| 300 | _a366p. | ||
| 650 | _aTextile Engineering | ||
| 700 | _aVanwylen,Gorden J | ||
| 942 | _cBK | ||
| 999 |
_c6541 _d6541 |
||